Coplas satíricas y dramáticas de la Edad Media

محفوظ في:
التفاصيل البيبلوغرافية
المؤلف الرئيسي: Rincón, Eduardo
التنسيق: كتاب
اللغة:Undetermined
منشور في: Madrid, España Alianza 1968
الموضوعات:
الوسوم: إضافة وسم
لا توجد وسوم, كن أول من يضع وسما على هذه التسجيلة!

MARC

LEADER 00000nam a2200000Ia 4500
008 170316s9999 xx 000 0 und d
040 |a cru BVZT 
090 |a 862 R-7c 
100 |a Rincón, Eduardo 
245 |a Coplas satíricas y dramáticas de la Edad Media 
260 |a Madrid, España 
260 |b Alianza 
260 |c 1968 
300 |a 208 páginas 
650 |a LITERATURA ESPAÑOLA 
999 |c 10396  |d 10396 
942 |c 15 D  |h 862 R-7c  |2 z